[Event "ICS rated blitz match"]
[Site "204.178.125.65"]
[Date "1999.08.08"]
[Round "?"]
[White "StanleyCup"]
[Black "Hossa"]
[Result "1-0"]
[WhiteElo "2510"]
[BlackElo "2427"]
[PlyCount "94"]
[EventDate "1999.??.??"]

1. e4 c5 2. Nf3 e6 3. d4 cxd4 4. Nxd4 d5 5. Bb5+ Bd7 6. exd5 exd5 7. O-O Bc5 8.
Bxd7+ Qxd7 9. Nb3 Be7 10. Re1 Nf6 11. Bg5 O-O 12. Nc3 Bd8 13. Rb1 Ng4 14. Bxd8
Rxd8 15. Qxd5 Qc7 16. Qh5 Nf6 17. Qf3 Nc6 18. Re2 Re8 19. Rbe1 Rxe2 20. Qxe2
Qf4 21. Nd5 Qf5 22. Nxf6+ gxf6 23. c4 Rd8 24. a4 Ne5 25. Nc5 Qc8 26. Ne4 Nd3
27. Nxf6+ Kg7 28. Rd1 Nxb2 29. Rxd8 Qxd8 30. Qg4+ Kh8 31. Nd5 Nxa4 32. Qd4+ f6
33. Qxa7 Qe8 34. h3 Qc6 35. Qe3 Kg7 36. Qe7+ Kg6 37. Nf4+ Kf5 38. g4+ Kg5 39.
Qxh7 f5 40. Qxf5+ Kh6 41. Ne6 Qxe6 42. Qxe6+ Kg7 43. g5 Nc3 44. Qf6+ Kg8 45. g6
Ne2+ 46. Kh2 b5 47. Qf7+ 47... Kh8 {Hossa resigns} 1-0

[Event "ICS rated blitz match"]
[Site "204.178.125.65"]
[Date "1999.08.08"]
[Round "?"]
[White "Hossa"]
[Black "StanleyCup"]
[Result "0-1"]
[WhiteElo "2415"]
[BlackElo "2522"]
[PlyCount "110"]
[EventDate "1999.??.??"]

1. d4 d5 2. c4 e6 3. Nc3 c6 4. e4 dxe4 5. Nxe4 Bb4+ 6. Bd2 Qxd4 7. Bxb4 Qxe4+
8. Ne2 Na6 9. Bf8 Ne7 10. Bxg7 Rg8 11. Bf6 Qxc4 12. Ng3 Qc5 13. Qd2 Nd5 14. Bd4
Qb4 15. Bxa6 Qxd2+ 16. Kxd2 bxa6 17. Kc2 Bb7 18. Rac1 Rg4 19. Rhd1 Rh4 20. h3
c5 21. Bxc5 Nf4 22. Rd4 Bxg2 23. Ne4 Bxe4+ 24. Rxe4 Rh5 25. Rxf4 Rxc5+ 26. Kb1
Rac8 27. Rxc5 Rxc5 28. Rg4 Rf5 29. Rg2 Rf3 30. h4 Rf4 31. h5 Ke7 32. a3 Kf6 33.
Rh2 Kg5 34. Kc2 Rh4 35. Rxh4 Kxh4 36. h6 Kg5 37. Kd3 Kxh6 38. Ke4 Kg5 39. Kf3
h5 40. b4 h4 41. Kg2 e5 42. Kh3 Kf4 43. Kh2 Kf3 44. Kh3 Kxf2 45. a4 f5 46. Kxh4
Kf3 47. Kh3 e4 48. Kh4 e3 49. Kg5 Ke4 50. Kg6 e2 51. Kh7 e1=Q 52. b5 Qg3 53.
bxa6 Ke5 54. Kh6 Kf6 55. Kh7 55... Qg7# {Hossa checkmated} 0-1

[Event "ICS rated blitz match"]
[Site "204.178.125.65"]
[Date "1999.08.08"]
[Round "?"]
[White "talqualtal"]
[Black "Hossa"]
[Result "0-1"]
[WhiteElo "2167"]
[BlackElo "2404"]
[PlyCount "46"]
[EventDate "1999.??.??"]

1. e4 c5 2. Nc3 Nc6 3. g3 g6 4. Bg2 Bg7 5. d3 d6 6. f4 Nh6 7. Nf3 O-O 8. O-O f5
9. Be3 Bxc3 10. bxc3 Ng4 11. Bd2 fxe4 12. dxe4 Qb6 13. c4 Qa6 14. Qe2 Be6 15.
Ng5 Qxc4 16. Qxc4 Bxc4 17. Rfb1 h6 18. Nf3 Rab8 19. Nh4 Nd4 20. Rb2 Ne2+ 21.
Kf1 Nxf4+ 22. Kg1 Ne2+ 23. Kh1 23... Nf2# {talqualtal checkmated} 0-1

[Event "ICS rated blitz match"]
[Site "204.178.125.65"]
[Date "1999.08.08"]
[Round "?"]
[White "Hossa"]
[Black "Spendrups"]
[Result "0-1"]
[WhiteElo "2422"]
[BlackElo "2523"]
[PlyCount "103"]
[EventDate "1999.??.??"]

1. e4 e5 2. Nf3 Nc6 3. d4 exd4 4. Bc4 Bc5 5. Ng5 Nh6 6. O-O d6 7. c3 O-O 8. Nf3
dxc3 9. Nxc3 Ng4 10. Bg5 Qd7 11. Nd5 Re8 12. Bd3 Nce5 13. Nxe5 Rxe5 14. Bf4 Re8
15. Rc1 c6 16. Nc3 Qe6 17. Be2 Qg6 18. a3 a5 19. Qd2 Bd7 20. Rcd1 Ne5 21. Kh1
Be6 22. Qc2 Qf6 23. Bg3 b5 24. f4 Ng4 25. f5 Ne3 26. fxe6 Qxe6 27. Qd3 Nxf1 28.
Bxf1 Rad8 29. Bh4 f6 30. Qg3 g5 31. e5 Qxe5 32. Qg4 h5 33. Qg3 Kh8 34. Qxe5
dxe5 35. Bg3 b4 36. axb4 axb4 37. Rb1 bxc3 38. bxc3 h4 39. Be1 e4 40. g3 Rb8
41. Rd1 hxg3 42. hxg3 Red8 43. Ra1 Kg7 44. Be2 Rb2 45. Rd1 Rh8+ 46. Kg2 Rxe2+
47. Kf1 Rb2 48. Rd2 Rh1+ 49. Ke2 Rb1 50. Bf2 Rh2 51. Rd4 Rb2+ 52. Kd1 {
Hossa resigns} 0-1

[Event "ICS rated blitz match"]
[Site "204.178.125.65"]
[Date "1999.08.08"]
[Round "?"]
[White "libertad"]
[Black "Hossa"]
[Result "1/2-1/2"]
[WhiteElo "2320"]
[BlackElo "2411"]
[PlyCount "130"]
[EventDate "1999.??.??"]

1. d4 d5 2. c4 e6 3. Nc3 dxc4 4. e3 Bd6 5. Bxc4 Ne7 6. Nf3 O-O 7. O-O Nbc6 8.
e4 e5 9. d5 Na5 10. Bd3 f5 11. exf5 Bxf5 12. Re1 Bxd3 13. Qxd3 Ng6 14. Bd2 b6
15. Ng5 Qd7 16. Ne6 Rf7 17. Ne4 Nb7 18. Rac1 Ne7 19. N4g5 Rf5 20. g4 Rxg5 21.
Nxg5 Qxg4+ 22. Kh1 Qh4 23. b4 Rf8 24. Ne4 Rf5 25. Rg1 Rxf2 26. Nxf2 e4 27. Qh3
Qxf2 28. Be3 Qxa2 29. Rcf1 Qxh2+ 30. Qxh2 Bxh2 31. Kxh2 Nd6 32. Bd4 g6 33. Rf6
Nxd5 34. Re6 Kf7 35. Rxd6 cxd6 36. b5 Nc7 37. Rb1 Ke7 38. Kg3 h5 39. Kf4 d5 40.
Ke5 Kd7 41. Rg1 Nxb5 42. Rxg6 Nc7 43. Rg7+ Kc6 44. Rh7 h4 45. Rxh4 Kd7 46. Rh7+
Kc6 47. Rh6+ Kd7 48. Rd6+ Ke7 49. Rh6 Kd7 50. Kf4 Ne6+ 51. Ke3 Kd6 52. Rh7 Nc7
53. Rh6+ Ne6 54. Rf6 Ke7 55. Rh6 Kd6 56. Rh1 Nc7 57. Rh6+ Ne6 58. Rh7 Nc7 59.
Rh6+ Ne6 60. Rh7 Nc7 61. Rh6+ Ne6 62. Rh7 Nc7 63. Rh6+ Ne6 64. Rh7 Nc7 65. Rh6+
65... Ne6 {Game drawn by repetition} 1/2-1/2

[Event "ICS rated blitz match"]
[Site "204.178.125.65"]
[Date "1999.08.08"]
[Round "?"]
[White "Hossa"]
[Black "libertad"]
[Result "1-0"]
[WhiteElo "2407"]
[BlackElo "2324"]
[PlyCount "101"]
[EventDate "1999.??.??"]

1. d4 d5 2. c4 dxc4 3. e4 e5 4. Nf3 Bb4+ 5. Bd2 Bxd2+ 6. Nbxd2 exd4 7. Bxc4 Nc6
8. O-O Qf6 9. Bb5 Nge7 10. e5 Qf4 11. g3 Qg4 12. Nb3 O-O 13. Nfxd4 Nxe5 14. f4
Qxd1 15. Raxd1 a6 16. Be2 Ng4 17. Rfe1 Ne3 18. Rd3 N3d5 19. Bf3 Rd8 20. a3 Rb8
21. Rd2 Bh3 22. Rde2 Kf8 23. Re5 g6 24. Nc5 h5 25. f5 Rd6 26. f6 Nxf6 27. Rxe7
Rxd4 28. Rxc7 Rc8 29. Ree7 Rxc7 30. Rxc7 b6 31. Nxa6 Rd2 32. b3 Rd3 33. Kf2
Rxb3 34. a4 Rb2+ 35. Kg1 Rb1+ 36. Kf2 Rf1+ 37. Ke3 Bd7 38. Rc4 Ra1 39. Rb4 Bxa4
40. Rxb6 Ra3+ 41. Kf4 Bd7 42. Rxf6 Bf5 43. Bd5 Ra4+ 44. Ke5 Ra5 45. Rxf7+ Ke8
46. Nc7+ Kd8 47. Kd6 Rxd5+ 48. Nxd5 Ke8 49. Rf6 Bg4 50. Nc7+ Kd8 51. Rf8# {
libertad checkmated} 1-0

[Event "ICS rated blitz match"]
[Site "204.178.125.65"]
[Date "1999.08.08"]
[Round "?"]
[White "libertad"]
[Black "Hossa"]
[Result "0-1"]
[WhiteElo "2312"]
[BlackElo "2419"]
[PlyCount "142"]
[EventDate "1999.??.??"]

1. e4 c5 2. Nf3 e6 3. c3 d5 4. exd5 exd5 5. d4 Nd7 6. Bb5 cxd4 7. O-O Be7 8.
Re1 Ngf6 9. Qe2 dxc3 10. Nxc3 a6 11. Ba4 b5 12. Bb3 Bb7 13. Bg5 b4 14. Nxd5
Bxd5 15. Bxd5 Nxd5 16. Bxe7 Nxe7 17. Nd4 Nb8 18. Nf5 Nbc6 19. Rad1 Qc7 20. Qe4
O-O 21. Nxe7+ Nxe7 22. Qxe7 Qxe7 23. Rxe7 Rac8 24. Red7 a5 25. b3 Rc2 26. R7d2
Rxd2 27. Rxd2 g6 28. Kf1 Rc8 29. Ke2 Kg7 30. Kd1 Rc5 31. Rd7 g5 32. Kd2 h5 33.
h3 Kg6 34. g3 f5 35. Rd6+ Kg7 36. Ra6 g4 37. h4 Re5 38. Kd3 Kh7 39. Kd4 Rb5 40.
Kc4 Re5 41. Kd4 Rb5 42. Ke3 Rd5 43. Kf4 Kg7 44. Kg5 f4+ 45. Kxf4 Kf7 46. f3
gxf3 47. Kxf3 Rd3+ 48. Kf4 Rd5 49. Ke4 Rc5 50. Kd4 Rf5 51. Ke3 Re5+ 52. Kf3
Rf5+ 53. Kg2 Re5 54. Kh3 Rd5 55. Rh6 Ke7 56. Kg2 a4 57. bxa4 Ra5 58. Kh3 Kf7
59. g4 hxg4+ 60. Kxg4 Rxa4 61. Rb6 b3+ 62. Kg5 bxa2 63. Rb7+ Ke6 64. Rb6+ Kd5
65. Rf6 a1=Q 66. Rf5+ Qe5 67. h5 Ra2 68. Rxe5+ Kxe5 69. h6 Rg2+ 70. Kh5 Kf5 71.
Kh4 71... Kg6 {libertad resigns} 0-1

[Event "ICS rated blitz match"]
[Site "204.178.125.65"]
[Date "1999.08.08"]
[Round "?"]
[White "Hossa"]
[Black "bookbuilder"]
[Result "1/2-1/2"]
[WhiteElo "2430"]
[BlackElo "2750"]
[PlyCount "174"]
[EventDate "1999.??.??"]

1. d4 Nf6 2. c4 e6 3. Nc3 Bb4 4. Bg5 c5 5. d5 O-O 6. Nf3 exd5 7. cxd5 d6 8. a3
Ba5 9. e3 Qb6 10. Bxf6 Qxb2 11. Qc1 Qxc1+ 12. Rxc1 gxf6 13. Nd2 Bf5 14. e4 Re8
15. f3 a6 16. Nc4 Bc7 17. Bd3 b5 18. Ne3 Bd7 19. g4 Ra7 20. Nf5 b4 21. axb4
cxb4 22. Ne2 b3 23. Ned4 b2 24. Rb1 Rb7 25. O-O Bb6 26. Kh1 Bxd4 27. Nxd4 Rc8
28. Rf2 Rc1+ 29. Kg2 Rxb1 30. Bxb1 a5 31. Rc2 a4 32. Rc3 Na6 33. Ra3 Nc5 34.
Nc6 Kg7 35. Na5 Rb4 36. Ra2 Kh6 37. h4 Kg7 38. Nc6 Rb6 39. Nd4 h6 40. Kf2 Kg8
41. Kg3 Kg7 42. Kf2 Kf8 43. Ke1 Rb4 44. Nc2 Rb3 45. Ra3 Ke7 46. Rxb3 Nxb3 47.
h5 Kd8 48. Kf2 Nd2 49. Na3 Nxb1 50. Nxb1 Bb5 51. Ke3 Bc4 52. Kd2 Ba2 53. Kc2
Bxb1+ 54. Kxb1 a3 55. f4 Ke8 56. Kc2 Kf8 57. Kb1 Ke7 58. Ka2 Ke8 59. Kb1 Kf8
60. Kc2 Ke7 61. Kb1 f5 62. gxf5 f6 63. Ka2 Ke8 64. Kb1 Kf8 65. Ka2 Ke7 66. Kb1
Ke8 67. Ka2 Kd7 68. Kb1 Kc8 69. Ka2 Kc7 70. Kb1 Kb6 71. e5 Kc7 72. e6 Kd8 73.
Ka2 Kc7 74. Kb1 Kc8 75. Ka2 Kd8 76. Kb1 Ke7 77. Ka2 Kf8 78. Kb1 Ke8 79. Ka2 Ke7
80. Kb1 Ke8 81. Ka2 Ke7 82. Kb1 Kd8 83. Ka2 Kc8 84. Kb1 Kc7 85. Ka2 Kd8 86. Kb1
Ke7 87. Ka2 87... Kd8 {Game drawn by repetition} 1/2-1/2

[Event "ICS Rated blitz match"]
[Site "204.178.125.65"]
[Date "1999.08.08"]
[Round "?"]
[White "Glacisritter"]
[Black "Hossa"]
[Result "0-1"]
[WhiteElo "2340"]
[BlackElo "2442"]
[PlyCount "91"]
[EventDate "1999.??.??"]

1. f4 Nf6 2. Nf3 Nc6 3. e3 e6 4. Bb5 d5 5. Bxc6+ bxc6 6. O-O Ba6 7. d3 Be7 8.
Ne5 Qd6 9. b3 Nd7 10. Bb2 O-O 11. Nd2 Rac8 12. Rf3 f6 13. Nxd7 Qxd7 14. Rh3 Bb4
15. Nf3 c5 16. a3 Ba5 17. Kh1 Qd6 18. Qf1 Rce8 19. Qf2 e5 20. Qh4 h6 21. f5 e4
22. dxe4 Rxe4 23. Qf2 Bc8 24. b4 cxb4 25. axb4 Qxb4 26. c3 Qb5 27. Nd4 Qb6 28.
Rf1 c5 29. Ne6 Bxe6 30. fxe6 Qxe6 31. Ba3 Qd6 32. Qf5 Bxc3 33. Qg6 Qa6 34. Rg1
Qxa3 35. Rxh6 Rxe3 36. Qh7+ Kf7 37. Qg6+ Ke7 38. Qxg7+ Rf7 39. Qg8 Qa4 40. Rh8
Qd7 41. Rf1 c4 42. Rh7 Rxh7 43. Qxh7+ Kd8 44. Qh8+ Re8 45. Qh4 a5 46. Qg4 {
Glacisritter resigns} 0-1

[Event "ICS rated blitz match"]
[Site "204.178.125.65"]
[Date "1999.08.08"]
[Round "?"]
[White "Hossa"]
[Black "Anadon"]
[Result "1-0"]
[WhiteElo "2453"]
[BlackElo "2317"]
[PlyCount "133"]
[EventDate "1999.??.??"]

1. d4 Nf6 2. c4 g6 3. Nc3 d5 4. e3 Bg7 5. Nf3 O-O 6. cxd5 Nxd5 7. e4 Nxc3 8.
bxc3 c5 9. Be3 Nc6 10. Be2 Bg4 11. Rb1 cxd4 12. cxd4 Bxf3 13. Bxf3 Nxd4 14. O-O
Nxf3+ 15. Qxf3 b6 16. Rfd1 Qc7 17. Rbc1 Qb7 18. Rd5 e6 19. Rd6 Rfd8 20. Rdc6
Rac8 21. Rxc8 Rxc8 22. Rxc8+ Qxc8 23. Qd1 h6 24. a4 Qa6 25. g4 Qc4 26. f3 Qc3
27. Kf2 Qb2+ 28. Kg3 g5 29. Kh3 Be5 30. Bg1 Qc3 31. Kg2 Qb2+ 32. Kh3 Kg7 33.
Qf1 Qa1 34. Qxa1 Bxa1 35. Be3 Kf6 36. f4 Bc3 37. Kg3 gxf4+ 38. Bxf4 Be5 39. h4
Bxf4+ 40. Kxf4 e5+ 41. Ke3 a6 42. Kd3 b5 43. axb5 axb5 44. Kc3 Kg6 45. Kb4 h5
46. g5 f6 47. gxf6 Kxf6 48. Kxb5 Ke7 49. Kc6 Ke6 50. Kc5 Ke7 51. Kd5 Kf6 52.
Kd6 Kf7 53. Kxe5 Ke7 54. Kf5 Kf7 55. Kg5 Ke6 56. Kxh5 Ke5 57. Kg6 Kxe4 58. h5
Kd4 59. h6 Ke4 60. h7 Kd3 61. h8=Q Ke4 62. Qd8 Ke5 63. Qd3 Ke6 64. Qd4 Ke7 65.
Qd5 Ke8 66. Kf6 Kf8 67. Qd8# {Anadon checkmated} 1-0

[Event "ICS rated blitz match"]
[Site "204.178.125.65"]
[Date "1999.08.08"]
[Round "?"]
[White "StanleyCup"]
[Black "Hossa"]
[Result "1-0"]
[WhiteElo "2533"]
[BlackElo "2455"]
[PlyCount "81"]
[EventDate "1999.??.??"]

1. d4 d5 2. c4 e6 3. Nc3 dxc4 4. e4 c5 5. d5 exd5 6. Nxd5 Bd6 7. Bxc4 Qh4 8.
Nc3 Qe7 9. Nb5 Qxe4+ 10. Qe2 Qxe2+ 11. Nxe2 Ke7 12. Nxd6 Kxd6 13. Bxf7 Nf6 14.
O-O Ke7 15. Bc4 Be6 16. Bb5 a6 17. Bd3 Nc6 18. Nf4 Rae8 19. Be3 Nd7 20. Rfd1
Nce5 21. Be4 b6 22. Nxe6 Kxe6 23. Bb7 a5 24. Bd5+ Kf5 25. Bb3 Re7 26. Rd6 h6
27. Bc2+ Kg4 28. h3+ Kh4 29. Kh2 g5 30. g3+ Kh5 31. Bd1+ g4 32. hxg4+ Nxg4+ 33.
Kh3 Nde5 34. f4 Rg7 35. fxe5 Rgg8 36. Bxg4+ Rxg4 37. Rf1 Rxg3+ 38. Kxg3 Rg8+
39. Kf3 Rg3+ 40. Kxg3 a4 41. Rxh6# {Hossa checkmated} 1-0

[Event "ICS rated blitz match"]
[Site "204.178.125.65"]
[Date "1999.08.08"]
[Round "?"]
[White "Hossa"]
[Black "StanleyCup"]
[Result "0-1"]
[WhiteElo "2443"]
[BlackElo "2545"]
[PlyCount "119"]
[EventDate "1999.??.??"]

1. d4 d5 2. c4 c6 3. Nf3 Nf6 4. e3 e6 5. Bd3 Nbd7 6. O-O Bd6 7. Nc3 O-O 8. e4
dxe4 9. Bxe4 Nxe4 10. Nxe4 Bc7 11. Bg5 Qe8 12. Qd3 f6 13. Be3 Qg6 14. Rad1 Nb6
15. b3 e5 16. Nc5 Bf5 17. Qe2 Qh5 18. dxe5 fxe5 19. Rd2 e4 20. Ne5 Qxe2 21.
Rxe2 Bxe5 22. Nxb7 Nd7 23. h3 Rf6 24. Rd1 Rg6 25. Kh1 h5 26. Red2 Nb6 27. Nc5
h4 28. Na6 Bc3 29. Re2 Rc8 30. a4 Re8 31. Rc2 Be5 32. Rcd2 Nc8 33. Bc5 Bc3 34.
Re2 Ba5 35. b4 Rd8 36. Ree1 Bb6 37. Rxd8+ Bxd8 38. f3 Re6 39. Rd1 Bg5 40. f4
Be7 41. Bxe7 Rxe7 42. Nb8 Rc7 43. a5 Ne7 44. Na6 Rc8 45. Kh2 Ng6 46. g4 hxg3+
47. Kxg3 Kh7 48. h4 Kh6 49. Rd6 e3 50. b5 cxb5 51. cxb5 Kh5 52. Nb4 e2 53. Kf2
Re8 54. Nd3 Bxd3 55. Rd5+ Kh6 56. Ke1 Nxh4 57. Rd6+ Bg6 58. Ra6 Nf3+ 59. Kf2
e1=Q+ 60. Kg2 {Hossa resigns} 0-1

[Event "ICS rated blitz match"]
[Site "204.178.125.65"]
[Date "1999.08.09"]
[Round "?"]
[White "kot"]
[Black "Hossa"]
[Result "0-1"]
[WhiteElo "2373"]
[BlackElo "2432"]
[PlyCount "66"]
[EventDate "1999.??.??"]

1. d4 d5 2. Nf3 Nf6 3. Bf4 Bf5 4. Nbd2 Nc6 5. e3 Nb4 6. Rc1 Nxa2 7. Ra1 Nb4 8.
Rc1 Nh5 9. Be5 e6 10. c3 Nd3+ 11. Bxd3 Bxd3 12. Bg3 Nxg3 13. hxg3 Bd6 14. Nb3
Ba6 15. Nbd2 O-O 16. e4 Bd3 17. e5 Be7 18. Nf1 Be4 19. Ne3 c5 20. O-O Bxf3 21.
Qxf3 Qb6 22. dxc5 Bxc5 23. Ng4 Qxb2 24. Rb1 Qd2 25. Rxb7 h5 26. Nh2 Rab8 27.
Rxb8 Rxb8 28. Qxh5 Rb2 29. Nf3 Bxf2+ 30. Kh1 Qe2 31. Rxf2 Qxf2 32. Qh3 Qf1+ 33.
Kh2 33... Qxf3 {kot resigns} 0-1

[Event "ICS rated blitz match"]
[Site "204.178.125.65"]
[Date "1999.08.09"]
[Round "?"]
[White "Hossa"]
[Black "kot"]
[Result "1-0"]
[WhiteElo "2445"]
[BlackElo "2360"]
[PlyCount "43"]
[EventDate "1999.??.??"]

1. d4 Nf6 2. c4 c5 3. d5 b5 4. cxb5 a6 5. f3 g6 6. e4 d6 7. Nc3 Bg7 8. Bg5 O-O
9. Qd2 Nbd7 10. bxa6 Bxa6 11. Bxa6 Rxa6 12. Bh6 Bxh6 13. Qxh6 Qb8 14. b3 Qb4
15. Nge2 c4 16. bxc4 Qxc4 17. Rd1 Ra3 18. Rd4 Qa6 19. O-O Rc8 20. Rc1 Qa7 21.
Nb5 Rxc1+ 22. Qxc1 {kot resigns} 1-0

[Event "ICS rated blitz match"]
[Site "204.178.125.65"]
[Date "1999.08.09"]
[Round "?"]
[White "Hossa"]
[Black "StanleyCup"]
[Result "0-1"]
[WhiteElo "2457"]
[BlackElo "2556"]
[PlyCount "134"]
[EventDate "1999.??.??"]

1. d4 d5 2. c4 c6 3. Nc3 Nf6 4. cxd5 cxd5 5. Bf4 Nc6 6. e3 a6 7. Bd3 Bg4 8.
Nge2 e6 9. f3 Bh5 10. O-O Nb4 11. e4 dxe4 12. fxe4 Be7 13. Rc1 O-O 14. Bb1 Rc8
15. Qd2 Bg4 16. a3 Nc6 17. h3 Bxe2 18. Nxe2 Qb6 19. Be3 Rfd8 20. Rf4 Na5 21.
Rc3 Nh5 22. Rf3 Nc4 23. Qc1 Qc6 24. Bd3 b5 25. Bxc4 bxc4 26. Qc2 Bh4 27. Bf2
Bxf2+ 28. Rxf2 Nf6 29. Rf4 Qb6 30. Kh1 Qc7 31. Rff3 Qb7 32. Rfe3 Rc6 33. b3
cxb3 34. Rxb3 Qa8 35. Qd3 Qa7 36. Qb1 Qe7 37. Rf3 Rdc8 38. Rb7 R8c7 39. Rxc7
Qxc7 40. Rb3 Nd7 41. Rb7 Qc8 42. Rb2 Rc4 43. Kh2 Qc7+ 44. Kg1 Qd6 45. Rb4 Rc6
46. Rb7 Rc8 47. Qb3 Qc6 48. d5 Qc5+ 49. Kh1 Qd6 50. Ra7 Nc5 51. Qf3 Nd7 52. Qg3
Ne5 53. Qb3 exd5 54. exd5 h6 55. a4 Rc5 56. Ra8+ Kh7 57. Nc3 Nd3 58. Kg1 Qg3
59. Nd1 Rc1 60. d6 Qxd6 61. Ra7 Nc5 62. Rxf7 Nxb3 63. Rxg7+ Kxg7 64. Kf2 Qf4+
65. Ke2 Rxd1 66. g4 Rd2+ 67. Ke1 67... Qf2# {Hossa checkmated} 0-1

[Event "ICS rated blitz match"]
[Site "204.178.125.65"]
[Date "1999.08.09"]
[Round "?"]
[White "jaylewis"]
[Black "Hossa"]
[Result "0-1"]
[WhiteElo "2278"]
[BlackElo "2445"]
[PlyCount "23"]
[EventDate "1999.??.??"]

1. e4 e5 2. Nf3 Nc6 3. Bc4 Bc5 4. O-O f5 5. exf5 d6 6. d3 Bxf5 7. Nc3 Bg4 8.
Be3 Nd4 9. Bxd4 Bxd4 10. h3 Bh5 11. Qd2 Bxf3 12. g3 {jaylewis resigns} 0-1

[Event "ICS rated blitz match"]
[Site "204.178.125.65"]
[Date "1999.08.09"]
[Round "?"]
[White "Hossa"]
[Black "jaylewis"]
[Result "1-0"]
[WhiteElo "2447"]
[BlackElo "2228"]
[PlyCount "55"]
[EventDate "1999.??.??"]

1. d4 f5 2. c4 g6 3. Bg5 Bg7 4. e3 d6 5. Bd3 Nf6 6. Ne2 O-O 7. O-O e5 8. Nbc3
Nc6 9. Nd5 Ne7 10. Nxf6+ Bxf6 11. Bh6 Bg7 12. Bxg7 Kxg7 13. Qd2 e4 14. Bc2 Kh8
15. f3 exf3 16. Rxf3 Be6 17. Qb4 Rb8 18. Nf4 Qd7 19. d5 Bf7 20. Ba4 c6 21. Rd1
h6 22. c5 dxc5 23. Qc3+ Kh7 24. dxc6 Qc7 25. Rd7 Qc8 26. Rxe7 Qd8 27. Ne6 Qxe7
28. Qg7# {jaylewis checkmated} 1-0

[Event "ICS rated blitz match"]
[Site "204.178.125.65"]
[Date "1999.08.09"]
[Round "?"]
[White "StanleyCup"]
[Black "Hossa"]
[Result "1-0"]
[WhiteElo "2568"]
[BlackElo "2449"]
[PlyCount "127"]
[EventDate "1999.??.??"]

1. e4 e5 2. Nf3 Nc6 3. Bb5 a6 4. Ba4 Nge7 5. c3 f5 6. d3 fxe4 7. dxe4 Ng6 8.
O-O Be7 9. Qd5 Bf6 10. Na3 Nge7 11. Qd3 O-O 12. Bb3+ Kh8 13. Ng5 Qe8 14. Bd2
Qg6 15. Qf3 h6 16. Nh3 d6 17. Rae1 Bd7 18. Qd3 Bh4 19. Re2 Bg4 20. Re3 Rf6 21.
Bd1 Bxd1 22. Rxd1 Qf7 23. g3 Qg6 24. Kh1 Qg4 25. Qf1 Bg5 26. Nxg5 Qxg5 27. Rf3
Qg6 28. Rxf6 Qxf6 29. Kg1 Qf3 30. Re1 Rf8 31. Be3 Qxe4 32. Bxh6 Qd5 33. c4 Qd4
34. Bc1 Nb4 35. Rd1 Qg4 36. Bd2 Nec6 37. Ra1 Rf3 38. Be3 Qh5 39. Qb1 Rf6 40.
Qe1 Qh7 41. Qd2 Rf3 42. b3 Qh3 43. Nc2 a5 44. Ne1 Rf5 45. a3 Na6 46. Qd5 a4 47.
bxa4 Rf8 48. Rb1 Rb8 49. Qf7 Nd8 50. Qe8+ Kh7 51. Nf3 Qf5 52. Ng5+ Kh6 53. Ne6+
Kh7 54. Nf8+ Kh8 55. Nd7+ Kh7 56. Rb2 Ra8 57. Nf8+ Kh8 58. Ne6+ Kh7 59. Ng5+
Kh6 60. h4 Nc5 61. Qh8+ Kg6 62. h5+ Kf6 63. Qf8+ Nf7 64. Qxf7# {
Hossa checkmated} 1-0

[Event "ICS rated blitz match"]
[Site "204.178.125.65"]
[Date "1999.08.09"]
[Round "?"]
[White "Hossa"]
[Black "brutus"]
[Result "1-0"]
[WhiteElo "2438"]
[BlackElo "2081"]
[PlyCount "115"]
[EventDate "1999.??.??"]

1. d4 Nf6 2. c4 g6 3. Nc3 d5 4. e3 Bg7 5. Nf3 O-O 6. cxd5 Nxd5 7. e4 Nxc3 8.
bxc3 c5 9. Be3 cxd4 10. cxd4 Nc6 11. Be2 b6 12. Rc1 Bb7 13. O-O Qd7 14. d5 Ne5
15. Nxe5 Bxe5 16. Bh6 Rfc8 17. Qd2 Rxc1 18. Rxc1 Rc8 19. Bc4 b5 20. Be2 Rxc1+
21. Qxc1 a5 22. Qc5 Ba6 23. a4 Qc7 24. Qxc7 Bxc7 25. axb5 Bb7 26. Be3 e6 27.
Bc4 exd5 28. Bxd5 Bxd5 29. exd5 Kf8 30. b6 Bb8 31. g3 Ke7 32. Kg2 Kd6 33. Bf4+
Kxd5 34. Bxb8 Kc6 35. h4 a4 36. g4 a3 37. Be5 Kxb6 38. Bf6 Kb5 39. f4 Kc4 40.
Kf3 Kd3 41. f5 a2 42. fxg6 fxg6 43. Kf4 h6 44. h5 g5+ 45. Kf5 Ke3 46. Kg6 Kf4
47. Kxh6 Kxg4 48. Kg6 Kf3 49. Kxg5 Ke4 50. h6 Kd5 51. h7 Ke6 52. h8=Q a1=Q 53.
Bxa1 Kd5 54. Qc8 Ke4 55. Qd8 Ke3 56. Qd1 Ke4 57. Kh4 Kf5 58. Qg4# {
brutus checkmated} 1-0

[Event "ICS Rated blitz match"]
[Site "204.178.125.65"]
[Date "1999.08.09"]
[Round "?"]
[White "brutus"]
[Black "Hossa"]
[Result "1-0"]
[WhiteElo "2077"]
[BlackElo "2442"]
[PlyCount "99"]
[EventDate "1999.??.??"]

1. e4 e5 2. Nf3 Nc6 3. Bb5 a6 4. Ba4 b5 5. Bb3 Bc5 6. c3 Nf6 7. d3 d5 8. Bg5
dxe4 9. Bxf6 Qxf6 10. dxe4 Bg4 11. Nbd2 Rd8 12. Qe2 O-O 13. O-O Qg6 14. Kh1 Rd7
15. h3 Qh5 16. Kg1 Bxh3 17. gxh3 Qxh3 18. Nh2 Rd3 19. Ndf3 Rd6 20. Kh1 Rh6 21.
Rg1 Bd6 22. Rg3 Qh5 23. Rag1 Rg6 24. Rxg6 hxg6 25. Rg2 Kh8 26. Qe3 f6 27. Rg4
g5 28. Rg3 Rd8 29. Nxg5 fxg5 30. Rh3 g6 31. Rxh5+ Kg7 32. Qxg5 Bb4 33. Qh6+ Kf6
34. Rf5+ Ke7 35. Qg7+ Kd6 36. Qxg6+ Kc5 37. cxb4+ Kb6 38. Rf6 Rd6 39. Rxd6 cxd6
40. Qxd6 a5 41. Bd5 axb4 42. Qxc6+ Ka5 43. Qb7 b3 44. a3 b4 45. Qxb4+ Ka6 46.
Bc4+ Ka7 47. Qc5+ Ka8 48. Qc6+ Ka7 49. Bd5 Kb8 50. Qb7# {Hossa checkmated} 1-0

[Event "ICS rated blitz match"]
[Site "204.178.125.65"]
[Date "1999.08.09"]
[Round "?"]
[White "Hossa"]
[Black "Secret"]
[Result "1/2-1/2"]
[WhiteElo "2413"]
[BlackElo "2523"]
[PlyCount "259"]
[EventDate "1999.??.??"]

1. d4 d5 2. Nf3 Nf6 3. g3 Bf5 4. Nh4 Bg6 5. Bg2 e6 6. Nxg6 hxg6 7. O-O c5 8. c4
Nc6 9. cxd5 Nxd5 10. e4 Nc7 11. d5 Nd4 12. Be3 exd5 13. Bxd4 cxd4 14. Qxd4 Be7
15. exd5 O-O 16. Rd1 Nb5 17. Qd3 Qb6 18. Nd2 Nd6 19. b3 Rac8 20. Rac1 Qa5 21.
a4 b5 22. axb5 Rxc1 23. Rxc1 Rb8 24. Qd4 Bg5 25. f4 Bf6 26. Qe3 Nf5 27. Qd3 Qa3
28. Rc6 Nd4 29. Rc4 Nxb5 30. Bf1 Nd6 31. Rc7 Nb5 32. Rc6 Qb2 33. Rc2 Qa1 34. g4
Nd4 35. Rc4 Qb2 36. Kh1 Nxb3 37. Ne4 Qa1 38. d6 Na5 39. Rc7 Rb3 40. Nxf6+ gxf6
41. Qe2 Re3 42. Qg2 Re1 43. Kg1 Kg7 44. Rxa7 Rd1 45. d7 Qd4+ 46. Qf2 Qd5 47. f5
Nc6 48. Rb7 Rd2 49. Qe3 Ne5 50. d8=Q Qxd8 51. Be2 Rd1+ 52. Kf2 Rh1 53. fxg6
Rxh2+ 54. Kg1 Qh8 55. Rxf7+ Nxf7 56. gxf7 Rh1+ 57. Kg2 Qh2+ 58. Kf3 Qc7 59. Qe8
Qxf7 60. Qxf7+ Kxf7 61. Bd3 Rh3+ 62. Ke4 Kg6 63. Bf1 Rh1 64. Bc4 Kg5 65. Be6
Re1+ 66. Kd5 Kf4 67. Kd6 Rd1+ 68. Ke7 Ke5 69. Kf7 Rf1 70. Bc8 Ra1 71. Bf5 Ra4
72. Kg7 Ra7+ 73. Kg6 Ra8 74. Kh7 Rb8 75. Kg7 Rb2 76. Kg6 Rb4 77. g5 Rb3 78.
gxf6 Rg3+ 79. Kh7 Kxf6 80. Be4 Ke5 81. Bc6 Rc3 82. Bb5 Kf6 83. Kg8 Rc7 84. Kh8
Rc8+ 85. Kh7 Rc5 86. Bd3 Rh5+ 87. Kg8 Rg5+ 88. Kh7 Rg4 89. Bb5 Rg2 90. Bc6 Rd2
91. Kg8 Rc2 92. Bd5 Rc8+ 93. Kh7 Rc1 94. Kg8 Rc2 95. Kh7 Rc7+ 96. Kg8 Rg7+ 97.
Kh8 Rg4 98. Kh7 Rh4+ 99. Kg8 Rd4 100. Bc6 Rd8+ 101. Kh7 Rd3 102. Kg8 Rb3 103.
Bd5 Rc3 104. Kh7 Rd3 105. Be4 Rh3+ 106. Kg8 Rc3 107. Bd5 Rg3+ 108. Kh7 Rg4 109.
Kh8 Rd4 110. Bg8 Rh4+ 111. Bh7 Rb4 112. Bd3 Kf7 113. Bf5 Rc4 114. Bd3 Ra4 115.
Bf5 Ra2 116. Be4 Rd2 117. Bf5 Rh2+ 118. Bh7 Kf6 119. Kg8 Rg2+ 120. Kh8 Ke5 121.
Bd3 Kd4 122. Bf5 Kd5 123. Kh7 Ke5 124. Bd7 Kd6 125. Bf5 Rg3 126. Kh6 Ke5 127.
Bd7 Rg1 128. Bc6 Rc1 129. Bb5 Rg1 130. Bc6 {Game drawn by the 50 move rule}
1/2-1/2

[Event "ICS rated blitz match"]
[Site "204.178.125.65"]
[Date "1999.08.09"]
[Round "?"]
[White "StanleyCup"]
[Black "Hossa"]
[Result "1-0"]
[WhiteElo "2579"]
[BlackElo "2418"]
[PlyCount "84"]
[EventDate "1999.??.??"]

1. e4 e5 2. Nf3 Nc6 3. Bb5 a6 4. Ba4 b5 5. Bb3 Bc5 6. O-O d6 7. c3 f5 8. d4
exd4 9. Ng5 Nh6 10. Qh5+ Kd7 11. Nf7 Qe8 12. Bxh6 gxh6 13. exf5 Nd8 14. Be6+
Nxe6 15. fxe6+ Kc6 16. Qf3+ d5 17. cxd4 Bxd4 18. Rc1+ Kb6 19. Qxd5 c5 20. Qxa8
Bxe6 21. Qxe8 Rxe8 22. Nxh6 Rf8 23. Rc2 Rf6 24. Nc3 Rxh6 25. Re1 b4 26. Rd2
bxc3 27. bxc3 Bxc3 28. Rd6+ Kb5 29. Rexe6 Rxe6 30. Rxe6 Bd2 31. Re5 Kc4 32. Rh5
h6 33. Kf1 Kb4 34. Ke2 Bc1 35. Kd1 Bb2 36. Rxh6 Ka5 37. g4 c4 38. g5 Ka4 39.
Rxa6+ Kb5 40. Ra8 Be5 41. g6 Kb6 42. h4 42... c3 {Hossa resigns} 1-0